000 01290nam a22002537a 4500
999 _c2603
_d2603
003 OSt
005 20230731090800.0
008 230731b ||||| |||| 00| 0 eng d
020 _a9781009093903
040 _cKH8
082 _a428.24 LUC
100 _aLucantoni, Peter,
_eauthor.
245 _aCambridge IGCSE English as a Second Language ;
_bTeacher's Resource /
_cPeter Lucantoni.
250 _aSixth edition
260 _aUnited Kingdom,
_bCambridge University Press,
_c2022.
300 _axiii, 198 pages,
_c8.5 x 0.4 x 10.7 inches.
440 _aCambridge International IGCSE
500 _aDigital access
520 _aeaching ideas, classroom inspiration and key advice – the Cambridge IGCSE™ English as a Second Language Teacher’s Resource with Digital Access is here to support you as you guide your students through the syllabus.From step-by-step guidance through all of the coursebook activities, to extra end-of-unit tests and sample answers, this resource saves valuable lesson planning time so that you can focus on what really matters – supporting your students. This teacher’s resource supports the syllabuses for examination from 2024.
650 _a English language
650 _a Study and teaching
650 _aForeign speakers
942 _2ddc
_cTR